LEADER 01117nam0-22003851i-450- 001 990001317030403321 010 $a0-12-078145-X 035 $a000131703 035 $aFED01000131703 035 $a(Aleph)000131703FED01 035 $a000131703 100 $a20020222d1993----km-y0itay50------ba 101 0 $aeng 102 $aUS 105 $a----a---001yy 200 1 $aAnalysis and control of nonlinear infinite dimensional systems$fViorel Barbu. 210 $aBoston [etc.]$cAcademic Press$dc1993 215 $ax, 476 p.$d24 cm 225 1 $aMathematics in science and engineering$v190 610 0 $aSistemi di controllo 610 0 $aOperatori non lineari 610 0 $aCalcolo delle variazioni e controllo ottimale 676 $a003.5 700 1$aBarbu,$bViorel$013745 801 0$aIT$bUNINA$gRICA$2UNIMARC 901 $aBK 912 $a990001317030403321 952 $aC-26-(190$b10195$fMA1 959 $aMA1 962 $a49-02 962 $a47N70 962 $a49J40 962 $a93C20 996 $aAnalysis and control of nonlinear infinite dimensional systems$9382605 997 $aUNINA LEADER 01352nam 2200445 450 001 9910155072403321 005 20170830082938.0 010 $a1-62417-253-9 035 $a(CKB)3710000000973419 035 $a(MiAaPQ)EBC4773071 035 $a(EXLCZ)993710000000973419 100 $a20170116h20132013 uy 0 101 0 $aeng 135 $aurcnu|||||||| 181 $2rdacontent 182 $2rdamedia 183 $2rdacarrier 200 00$aConsumer privacy in the 21st century $ebest practices for businesses & policymakers /$fLarry A. Schwartz, editor 210 1$aNew York, [New York] :$cNova Publishers,$d2013. 210 4$dİ2013 215 $a1 online resource (180 pages) 225 1 $aPrivacy and Identity Protection 300 $aIncludes index. 311 $a1-62417-252-0 410 0$aPrivacy and identity protection. 606 $aConsumers$xResearch 606 $aMarketing$xManagement$xData processing 606 $aPrivacy, Right of 615 0$aConsumers$xResearch. 615 0$aMarketing$xManagement$xData processing. 615 0$aPrivacy, Right of. 676 $a658.834 702 $aSchwartz$b Larry A. 801 0$bMiAaPQ 801 1$bMiAaPQ 801 2$bMiAaPQ 906 $aBOOK 912 $a9910155072403321 996 $aConsumer privacy in the 21st century$92879092 997 $aUNINA LEADER 00767nas--2200289---450 001 990009936500403321 005 20240904130433.0 035 $a000993650 035 $aFED01000993650 035 $a(Aleph)000993650FED01 100 $a20150130b18591860km--0itaa50------ba 101 0 $aita 105 $ay-------001yy 110 $a-aacz------ 200 1 $a<> paese$egiornale politico-letterario 210 $aNapoli$cStab. tip. della Gazzetta dei tribunali$d1859-1860 215 $av.$d30 cm 300 $aSettimanale 676 $a070.43 676 $a302.232 801 0$aIT$bUNINA$gRICA$2UNIMARC 901 $aSE 912 $a990009936500403321 952 $aSG 000/C 06$bR.Bibl. 12972$fFLFBC 959 $aFLFBC 996 $aPaese$9456288 997 $aUNINA